[Event "BURRÃO (4)"]
[Site "http://www.queenalice.com/game.php?id=506939"]
[Date "2008.12.13"]
[Round "-"]
[White "emiqui"]
[Black "Burrinho"]
[Result "0-1"]
[WhiteElo "1300"]
[BlackElo "1777"]

1. e4 e5 2. Nf3 Nc6 3. Bb5 d6 4. d3 Bd7 5. a3 a6 6. Bc4 Na5 7. Ba2 Bg4 8. Bg5
Be7 9. Be3 Nf6 10. Qd2 Bxf3 11. gxf3 Nc6 12. Nc3 Qd7 13. h4 Nh5 14. Nd5 Nf6 15.
Nxf6+ Bxf6 16. Bd5 O-O-O 17. O-O-O Nd4 18. Qb4 c6 19. Bxd4 exd4 20. Bb3 c5 21.
Qa5 g6 22. Ba4 Qc7 23. Qd2 b5 24. Bb3 a5 25. c4 dxc3 0-1

[Event "Challenge"]
[Site "http://www.queenalice.com/game.php?id=507889"]
[Date "2008.12.15"]
[Round "-"]
[White "emiqui"]
[Black "Piazzolero"]
[Result "1-0"]
[WhiteElo "1292"]
[BlackElo "1290"]

1. e4 e5 2. d3 d6 3. Nd2 Nf6 4. Be2 Nc6 5. Ngf3 Nd4 6. Nc4 Ng4 7. Bg5 f6 8. Bh4
Bd7 9. O-O c6 10. c3 Ne6 11. Bg3 Nc5 12. d4 Nxe4 13. dxe5 dxe5 14. h3 Nh6 15.
Nh4 Bc5 16. Bh5+ g6 17. Bf3 g5 18. Bh5+ Kf8 19. Nxe5 Qe7 20. Nxd7+ Kg7 21. Nf3
Rhd8 22. Bg4 f5 23. Be5+ Kg6 24. Nh4+ gxh4 25. Bh5+ Kg5 26. Qf3 Qxd7 27. Bf4+
Kf6 28. Bxh6 Nd2 29. Bxd2 Qxd2 30. Bg4 Rd5 31. Rad1 Qg5 32. c4 Re5 33. Rd7 b6
34. Qxc6+ Re6 35. Qxa8 fxg4 36. Qh8+ Kf5 37. Qxh7+ Kf6 38. Rf7+ Ke5 39. Re1+ Kd6
40. Qd3+ Kc6 41. Qd7# 1-0

[Event "Gwada"]
[Site "http://www.queenalice.com/game.php?id=526926"]
[Date "2009.1.22"]
[Round "-"]
[White "emiqui"]
[Black "uji40"]
[Result "0-1"]
[WhiteElo "1300"]
[BlackElo "1558"]

1. e4 e5 2. Nf3 Nc6 3. Bc4 Nf6 4. d3 Be7 5. h3 h6 6. Be3 a6 7. Nbd2 O-O 8. c3 d5
9. exd5 Nxd5 10. O-O f5 11. d4 f4 12. Qe2 fxe3 13. Qxe3 Kh8 14. dxe5 Nb6 15. Bd3
Bg5 16. Qe4 Bf5 17. Qe2 Bxd3 18. Nxg5 Bxe2 0-1

[Event "Challenge"]
[Site "http://www.queenalice.com/game.php?id=534833"]
[Date "2009.2.4"]
[Round "-"]
[White "paloberto"]
[Black "emiqui"]
[Result "1-0"]
[WhiteElo "1552"]
[BlackElo "1317"]

1. e4 e5 2. Nf3 d6 3. Bc4 Be7 4. d4 exd4 5. Qxd4 Nf6 6. e5 Nc6 7. Qf4 dxe5 8.
Nxe5 Nxe5 9. Qxe5 O-O 10. O-O Bd6 11. Qe2 Bc5 12. Nc3 Bg4 13. Qe5 c6 14. Bg5 Bd6
15. Bxf6 Bxe5 16. Bxd8 Raxd8 17. f3 Bf5 18. f4 Bd4+ 19. Kh1 Bxc2 20. Rac1 Be4
21. Nxe4 Bxb2 22. Rb1 Ba3 23. Rxb7 Rd4 24. Rf3 Rxe4 25. Bf1 Bd6 26. g3 Ra4 27.
Rd7 Bc5 28. Rc3 Ra5 29. a3 Bxa3 30. Rxc6 h6 31. Rcc7 Bc5 32. Bc4 Ra1+ 33. Kg2
Kh7 34. Bxf7 Bb6 35. Rc6 h5 36. Bxh5 Rf5 37. Bg6+ 1-0

[Event "Challenge"]
[Site "http://www.queenalice.com/game.php?id=569139"]
[Date "2009.4.9"]
[Round "-"]
[White "emiqui"]
[Black "montelo"]
[Result "0-1"]
[WhiteElo "1293"]
[BlackElo "1690"]

1. e4 e5 2. Be2 Qf6 3. Bf3 Nh6 4. d3 Bc5 5. Qe2 Nc6 6. Bd2 d6 7. Nc3 Nd4 8. Qd1
Nxf3+ 9. Nxf3 Qg6 10. Nh4 Qf6 11. Nd5 Qxf2# 0-1

[Event "Let's Play Chess!"]
[Site "http://www.queenalice.com/game.php?id=586880"]
[Date "2009.5.12"]
[Round "-"]
[White "vieri"]
[Black "emiqui"]
[Result "0-1"]
[WhiteElo "1139"]
[BlackElo "1332"]

1. Nf3 d6 2. g3 e5 3. e4 Nf6 4. Bb5+ Bd7 5. Bc4 h6 6. b3 Be7 7. Nh4 g5 8. Nf3
Nxe4 9. d3 Nc5 10. O-O Bg4 11. Kg2 Qd7 12. h3 Bxh3+ 13. Kh2 Bxf1 14. Qxf1 g4 15.
Ne1 h5 16. Qg2 h4 17. f4 hxg3+ 18. Kxg3 Bh4+ 19. Kh2 Bxe1+ 20. Kg1 Nc6 21. fxe5
Nxe5 22. Bg5 Qf5 23. Be3 Nf3+ 24. Kf1 Nh4+ 25. Kg1 Nxg2 26. Kxg2 Qf3+ 27. Kg1
Qh1# 0-1

[Event "Let's Play Chess!"]
[Site "http://www.queenalice.com/game.php?id=586967"]
[Date "2009.5.12"]
[Round "-"]
[White "agargent"]
[Black "emiqui"]
[Result "1-0"]
[WhiteElo "1422"]
[BlackElo "1351"]

1. e4 e5 2. Nf3 d6 3. d4 exd4 4. Nxd4 Nf6 5. Nc3 Bd7 6. Bd3 Bg4 7. f3 Bh5 8. Be3
Nbd7 9. g4 Bg6 10. f4 h6 11. Qd2 Nxg4 12. O-O-O Qh4 13. h3 Nc5 14. hxg4 Qxg4 15.
Rdg1 Qd7 16. Be2 Bxe4 17. Nxe4 Nxe4 18. Qe1 Be7 19. Kb1 Bf6 20. Bd3 Qe7 21. Bxe4
Qxe4 22. Qd2 O-O-O 23. Re1 c5 24. Nb5 Qa4 25. Nc3 Bxc3 26. Qxc3 f6 27. Rhg1 Rd7
28. f5 b6 29. b3 Qe4 30. Bxc5 Qc6 31. Bd4 Kc7 32. Qxc6+ Kxc6 33. Re3 Kd5 34. Rd1
Kc6 35. Rdd3 Rf8 36. Rc3+ Kd5 37. Rc4 Rff7 38. c3 a6 39. Rc8 b5 40. Ra8 b4 41.
Rxa6 bxc3 42. Bxc3 g5 43. Ra5+ Kc6 44. Re4 d5 45. Ra6+ Kb7 46. Ree6 d4 47. Ba5
Kc8 48. Rec6+ Kb7 49. Rcb6+ Kc7 50. Ra7+ Kd8 51. Rb8+ Ke7 52. Bb4# 1-0

[Event "Let's Play Chess!"]
[Site "http://www.queenalice.com/game.php?id=600477"]
[Date "2009.6.8"]
[Round "-"]
[White "emiqui"]
[Black "Panzer85"]
[Result "1-0"]
[WhiteElo "1326"]
[BlackElo "1604"]

1. e4 e6 2. Ne2 Bd6 3. d3 Nc6 4. g3 Bc5 5. Bg2 Qf6 6. O-O h6 7. Nbc3 e5 8. Nb5
Kd8 9. Bd2 b6 10. Nbc3 d6 11. Nd5 Qe6 12. Bc3 Nf6 13. Qd2 Nd4 14. Bxd4 exd4 15.
Nef4 Qe5 16. b4 g5 17. Nxf6 Qxf6 18. Nd5 Qe7 19. Nxe7 Kxe7 20. bxc5 dxc5 21. e5
Rf8 22. Bxa8 Bh3 23. Bg2 Bxg2 24. Kxg2 1-0

[Event "Let's Play Chess!"]
[Site "http://www.queenalice.com/game.php?id=600478"]
[Date "2009.6.8"]
[Round "-"]
[White "emiqui"]
[Black "Viper3910"]
[Result "1-0"]
[WhiteElo "1351"]
[BlackElo "1932"]

1. d3 e5 2. Bd2 Bc5 3. Nh3 d6 4. Ng5 Qf6 5. Ne4 Qg6 6. Nbc3 c6 7. e3 Nf6 8. Qf3
Bg4 9. Nxf6+ gxf6 10. Qg3 Qf5 11. Ne4 Rg8 12. f3 d5 13. Nxc5 1-0

[Event "Castro maricon"]
[Site "http://www.queenalice.com/game.php?id=600806"]
[Date "2009.6.9"]
[Round "-"]
[White "Cronos"]
[Black "emiqui"]
[Result "1-0"]
[WhiteElo "1889"]
[BlackElo "1326"]

1. e4 e5 2. c4 Qh4 3. d3 Bc5 4. g3 Qf6 5. Nf3 h6 6. Bg2 Nc6 7. Nc3 Bb4 8. Bd2
Nge7 9. a3 Ba5 10. b4 Bxb4 11. axb4 Nxb4 12. Be3 b6 13. O-O Bb7 14. Nh4 O-O-O
15. Rxa7 Ba6 16. Qa4 Nec6 17. Rxa6 Nxa6 18. Qxa6+ Kb8 19. Ra1 Na5 20. Rxa5 bxa5
21. Qa7+ Kc8 22. Qa8# 1-0

[Event "Let's Play Chess!"]
[Site "http://www.queenalice.com/game.php?id=607249"]
[Date "2009.6.22"]
[Round "-"]
[White "dida"]
[Black "emiqui"]
[Result "0-1"]
[WhiteElo "1385"]
[BlackElo "1373"]

1. e4 e5 2. Bc4 Be7 3. Qf3 Bf6 4. Ne2 Qe7 5. a3 d6 6. Nbc3 Nc6 7. d3 Nd4 8. Nxd4
exd4 9. Nb5 Nh6 10. h3 Be6 11. Bf4 Bg5 12. Bxg5 Qd7 13. Bxe6 fxe6 14. a4 Nf7 15.
Bh4 O-O 16. Qg4 Ne5 17. Qe2 Rf7 18. f3 c6 19. Nxd6 Qxd6 20. O-O Raf8 21. a5 Qb4
22. b3 Ng6 23. Be1 Qd6 24. a6 Nf4 25. Qf2 b6 26. Bd2 Nh5 27. Ra4 c5 28. c4 Ng3
29. Re1 Nh5 30. Rf1 e5 31. b4 Rf6 32. b5 Rg6 33. g4 Rff6 34. Qh4 Nf4 35. g5
Nxh3+ 0-1

[Event "Let's Play Chess!"]
[Site "http://www.queenalice.com/game.php?id=608581"]
[Date "2009.6.25"]
[Round "-"]
[White "emiqui"]
[Black "Aldino"]
[Result "0-1"]
[WhiteElo "1371"]
[BlackElo "2036"]

1. e4 e5 2. Be2 Nf6 3. Bf3 Nc6 4. a3 d6 5. Ne2 Be6 6. d3 d5 7. Bg5 Be7 8. Bxf6
Bxf6 9. exd5 Bxd5 10. Ng3 Nd4 11. Bxd5 Qxd5 12. O-O g6 13. Nc3 Qd7 14. Nce4 Be7
15. c3 Ne6 16. Qb3 b6 17. Ne2 Qxd3 18. N4g3 Qa6 19. Qd5 O-O 20. Qxe5 Bd6 21. Qe4
Rae8 22. Nd4 Nxd4 23. Qxd4 Qc8 24. Qa4 Qb7 25. f3 a5 26. h3 Bxg3 27. Rad1 Qa7
28. Qd4 Be5 29. Qf2 Bd6 30. c4 Bc5 31. Rd4 Bxd4 32. Qxd4 Rd8 33. Qh4 Rd2 34. Re1
Rxb2 35. Rd1 Rc2 36. Rd7 b5+ 37. Qd4 Qxd4+ 38. Rxd4 Rxc4 39. Rd5 Rc1+ 40. Kf2 c6
41. Rd7 Re8 42. Kg3 a4 43. Kg4 Re3 44. Kf4 Rxa3 45. g4 Rcc3 46. Kg5 Kg7 47. f4
h6+ 48. Kh4 Rxh3# 0-1

[Event "Let's Play Chess!"]
[Site "http://www.queenalice.com/game.php?id=610313"]
[Date "2009.6.28"]
[Round "-"]
[White "emiqui"]
[Black "dtrainey"]
[Result "0-1"]
[WhiteElo "1393"]
[BlackElo "1537"]

1. e4 e5 2. Nf3 Qe7 3. d3 h6 4. Be2 c6 5. b3 b6 6. Ba3 c5 7. Nc3 Bb7 8. Nb5 d6
9. c4 a6 10. Nc3 Qf6 11. b4 Bc6 12. Qb3 Ne7 13. Na4 Nc8 14. bxc5 bxc5 15. O-O
Be7 16. Bb2 O-O 17. Nb6 Nxb6 18. Qxb6 Bd8 19. Qb3 a5 20. Bc3 Nd7 21. Rad1 Nb6
22. d4 Ba4 23. dxe5 Bxb3 24. exf6 Bxf6 25. Bxf6 gxf6 26. axb3 Rfe8 27. Bd3 Kg7
28. Nh4 Re5 29. Bc2 a4 30. Rxd6 a3 31. Rxb6 Re6 32. Nf5+ Kf8 33. Rb5 Kg8 34.
Nxh6+ Kh7 35. Ng4 Kg7 36. Rxc5 a2 37. e5 fxe5 38. Bf5 a1=Q 39. Rc7 Qa5 40. Rd7
Rd8 41. Bxe6 Rxd7 42. Bxd7 e4 43. Bf5 Qxf5 44. Ne3 Qd7 45. Rd1 Qa7 46. h4 Kg6
47. g4 f6 48. Rd5 Qa1+ 49. Rd1 Qc3 50. Rb1 Qd3 51. h5+ Kg5 52. Rb2 Qc3 53. Rb1
f5 54. Kg2 fxg4 55. Kg3 Kxh5 56. Rh1+ Kg5 57. f4+ exf3 58. Re1 Qxb3 59. Nxg4 Qc3
60. Re3 Qxc4 61. Re5+ Kg6 62. Kxf3 Qf7+ 63. Kg3 Qc7 64. Kh4 Qh7+ 65. Rh5 Qxh5+
66. Kg3 Kg5 67. Ne5 Qh4+ 68. Kf3 Qf4+ 0-1

[Event "Let's Play Chess!"]
[Site "http://www.queenalice.com/game.php?id=611603"]
[Date "2009.7.1"]
[Round "-"]
[White "genie"]
[Black "emiqui"]
[Result "1-0"]
[WhiteElo "1692"]
[BlackElo "1371"]

1. e4 d5 2. exd5 Qxd5 3. Nc3 Qe6+ 4. Be2 Nc6 5. Nf3 h6 6. O-O Nf6 7. Re1 Ne5 8.
Nxe5 Bd7 9. Bc4 Qd6 10. Nxf7 Bg4 11. Nxd6+ cxd6 12. f3 Bh5 13. Nd5 e5 14. Nc7+
Kd7 15. Nxa8 Be7 16. d4 exd4 17. Qxd4 Rxa8 18. Bf4 g5 19. Rxe7+ Kxe7 20. Qxd6+
Ke8 21. Re1+ Ne4 22. Rxe4# 1-0

[Event "Challenge"]
[Site "http://www.queenalice.com/game.php?id=613248"]
[Date "2009.7.4"]
[Round "-"]
[White "Legiao"]
[Black "emiqui"]
[Result "0-1"]
[WhiteElo "1083"]
[BlackElo "1366"]

1. b3 e5 2. e4 Bc5 3. Ba3 Bd4 4. c3 Bb6 5. Qf3 d6 6. Bc4 Nf6 7. b4 Bg4 8. Qg3
O-O 9. d4 exd4 10. Qd3 Nc6 11. Bb3 Qe7 12. b5 Ne5 13. Qd2 Nxe4 14. Qf4 Nxc3 15.
h3 Nd3+ 16. Kf1 Qe1# 0-1

[Event "Challenge"]
[Site "http://www.queenalice.com/game.php?id=613612"]
[Date "2009.7.5"]
[Round "-"]
[White "flaviovieira"]
[Black "emiqui"]
[Result "1-0"]
[WhiteElo "1758"]
[BlackElo "1381"]

1. e4 e5 2. Nf3 Nc6 3. Bb5 d6 4. Bxc6+ Ke7 5. Bb5 Bd7 6. Bxd7 Qxd7 7. d4 exd4 8.
Qxd4 c5 9. Qd5 Re8 10. Ng5 Qe6 11. Nxe6 fxe6 12. Qxb7+ Kd8 13. Qxa7 Ne7 14. Bg5
d5 15. exd5 exd5 16. Nc3 h6 17. Bf4 Nc6+ 18. Ne2 Nxa7 19. O-O Rxe2 20. Rfd1 d4
21. a4 Rxc2 22. b3 Be7 23. Be5 Bf6 24. Bxf6+ gxf6 25. g3 f5 26. Rac1 Rxc1 27.
Rxc1 f4 28. g4 Rg8 29. h3 Rg5 30. Re1 h5 31. f3 Nc6 32. Re4 Ne5 33. Rxf4 Nd3 34.
Rf5 Rxf5 35. gxf5 Ke7 36. Kg2 1-0

[Event "Challenge"]
[Site "http://www.queenalice.com/game.php?id=624203"]
[Date "2009.7.24"]
[Round "-"]
[White "Aldino"]
[Black "emiqui"]
[Result "1-0"]
[WhiteElo "2087"]
[BlackElo "1373"]

1. e4 e5 2. c4 Be7 3. Nf3 Bf6 4. d3 Ne7 5. Bg5 d6 6. h3 Ng6 7. Qd2 O-O 8. Nc3 b6
9. Bxf6 Qxf6 10. Nd5 Qd8 11. a4 Na6 12. Be2 c6 13. Nc3 Nf4 14. Bd1 Nxg2+ 15. Kf1
Nh4 16. Qe3 Qf6 17. Qg5 Nxf3 18. Qxf6 gxf6 19. Bxf3 Nc5 20. Ke2 Nb3 21. Rag1+
Kh8 22. Bg4 Nd4+ 23. Kd2 Bb7 24. Rg3 d5 25. exd5 cxd5 26. cxd5 f5 27. Bd1 f4 28.
Rg5 f6 29. Rg2 a6 30. Rhg1 b5 31. Rg7 Bc8 32. h4 Nf5 33. R7g4 b4 34. Ne4 Nd4 35.
b3 f5 36. Rg5 fxe4 37. dxe4 Bd7 38. Rxe5 Rg8 39. Reg5 h6 40. Rxg8+ Rxg8 41.
Rxg8+ Kxg8 42. Kd3 Nxb3 43. Bxb3 Kf7 44. Kd4 Kf6 45. f3 a5 46. Kc5 Ke5 47. Kb6
Kd4 48. Kxa5 Kc3 49. Bd1 b3 50. Bxb3 Kxb3 51. d6 Bxa4 52. Kb6 Kc4 53. Kc7 Kd3
54. d7 Bxd7 55. Kxd7 Ke3 56. e5 Kxf3 57. e6 Kg3 58. e7 f3 59. e8=Q f2 60. Qg6+
Kf3 61. Qxh6 Kg2 62. Qf4 f1=Q 63. Qxf1+ Kxf1 64. h5 1-0